[Event "Inland Classic"]
[Site "Spokane, WA"]
[Date "2024.02.24"]
[Round "3"]
[White "Lee, Brian"]
[Black "Donaldson, John"]
[Result "1-0"]
[WhiteElo "1969"]
[BlackElo "2414"]
[Annotator "Brian Lee"]
[PlyCount "117"]
[EventDate "2024.??.??"]

{[%evp 0,117,19,31,19,0,32,39,28,8,7,5,-4,19,16,16,25,20,36,-1,0,6,-1,-42,39,24,26,-37,-14,-37,-29,-61,-35,-55,-31,-59,-42,-108,60,35,54,70,67,74,77,33,76,46,40,54,45,51,41,60,65,65,79,62,79,91,82,97,87,64,72,61,80,69,69,70,59,53,58,65,50,50,66,66,59,23,33,41,38,39,91,79,119,139,154,167,153,160,161,183,150,99,171,231,263,274,261,170,313,295,300,137,295,318,319,310,407,527,537,551,575,563,982,1108,1145,1220]} 1. d4 d5 2. c4 c6 3. Nf3 Nf6 4. Nc3 dxc4 5. a4 Bf5 6. e3 e6 7. Bxc4 Bb4 8. O-O O-O 9. Qe2 Nbd7 10. e4 Bg6 11. Bd3 Bh5 {Here is where my theoretical knowledge ended, but we continued to play moves that had been played before for a few more moves.} 12. e5 Nd5 13. Ne4 $6 c5 14. Ng3 ({John told me after the game he had played Black in this line before and his opponent played} 14. Bg5 Qc7 15. Rac1 h6 {I rejected this line because if White plays} 16. Bh4 (16. Bd2 Qa5) 16... Nf4 {and White loses the bishop pair.}) 14... Bg6 $6 15. Bxg6 hxg6 16. Bg5 Qa5 17. h4 cxd4 18. h5 Rfe8 $2 (18... gxh5 19. Nxh5 {Looks scary but Black has enough defensive resources.} Rfc8 20. Qe4 d3 21. Qxd3 N5b6 22. Qe4 Rc4 {is a funny engine line that keeps White from getting his Queen to the kingside to cause trouble. The text move allows White to damage Black's kingside structure, although I didn't take advantage of this very effectively.}) 19. hxg6 $1 fxg6 20. Qe4 $6 ({Stronger is getting more pieces involved with} 20. Rfd1 Rac8 21. Rxd4 {White can double rooks on the d file and also has ideas like Rh4 and Qe4 making Black's king very uncomfortable.}) 20... Nf8 21. Nxd4 (21. Rfd1 {is again a little stronger but White is still better after the text move.}) 21... Rac8 22. Rad1 $2 Rc4 (22... Qxa4) (22... Bc5 23. Nb3 Qb4 24. Nxc5 Rxc5) 23. Rd3 (23. Qe2 {Gets out of the pin and hits the rook.}) 23... Bc5 24. b3 Rxd4 25. Rxd4 Bxd4 26. Qxd4 Rc8 27. Ne4 Nc3 28. Re1 Nxe4 29. Qxe4 Qc7 $6 {It is better to keep the queen on a5 to meet White playing Re3 with Rc3.} 30. Re3 $6 ({I also considered} 30. Rc1 Qd7 31. Rxc8 Qxc8 32. Be7 {but} Qc3 33. Bxf8 Kxf8 34. Qxg6 Qxe5 {is dead equal.}) 30... b6 $6 31. Rd3 $6 (31. Rh3 {My move is not bad, but I'm not sure why I didn't play this move. White is threatening 32. Qh4.} Nh7 32. Bd2 Qc2 33. Qxc2 Rxc2 34. Rd3 Kf7 35. Bb4 Ke8 36. Bd6 {This is similar to what happened in the game, except Black's knight is out of play on h7. instead of on d7.}) 31... Qc2 32. Qd4 $6 Qc5 $2 33. Qxc5 Rxc5 34. Be7 $6 Rc7 35. Bd6 Rc1+ 36. Kh2 Nd7 $1 {Here John offered me a draw and I started having flashbacks to our round five game at the 2022 Collyer Memorial. In that game, John offered me a draw when I was in a slightly better position, which I declined and then went on to lose. I thought for a few minutes and decided to decline since there was very little risk of me losing this position (although that's also what I thought about our previous game).} 37. f4 Kf7 38. Ba3 Rc7 39. g4 g5 {Undermining the e5 pawn and stopping White from playing Kg3-Kh4-Kg5. Black has now fully equalized.} 40. Kg3 Nc5 41. Bxc5 gxf4+ $2 {I was surprised to see this move as I thought things were starting to fizzle out to a draw, but now White is suddenly clearly better if not winning.} (41... bxc5 42. a5 gxf4+ 43. Kxf4 Kg6 {White's king has been kept out of g5 and his rook has been kept off the seventh rank.}) (41... Rxc5 42. Rd7+ Kg6 43. Rxa7 Rc3+ 44. Kf2 Rxb3 {White's king has been pushed back and Black has activated his rook.}) 42. Kxf4 Rxc5 (42... bxc5 43. Kg5 c4 44. Rc3 Rc5 45. Kf4 g5+ 46. Ke4 $18) 43. Rd7+ $1 Kg6 44. Rxa7 Rc3 45. Re7 $1 Rxb3 46. Rxe6+ Kf7 $6 47. Rc6 b5 48. a5 Ra3 49. a6 b4 50. Kf5 Rf3+ 51. Ke4 Ra3 52. Kd5 $2 Rd3+ $2 53. Ke4 $1 ({Here I realized after} 53. Kc4 Rc3+ 54. Kb5 Rxc6 55. Kxc6 b3 56. a7 b2 57. a8=Q b1=Q {although White promotes first, it's not clear there is a win, since 58. Qb7+ loses. Therefore, White would have to try} 58. Qa7+ {but I didn't even try to calculate beyond this because if there is a win it is much more complicated than the line I chose. Tablebase confirms the position is drawn.}) 53... Ra3 54. Rc7+ Kg6 55. a7 b3 56. Kd3 $1 {White's king stops the b pawn and it's all over.} Ra2 57. Kc3 Rc2+ 58. Kxb3 Rxc7 59. a8=Q 1-0

[Event "Inland Classic"]
[Site "Spokane, WA"]
[Date "2024.02.25"]
[Round "5"]
[White "Billaux, Eric"]
[Black "Lee, Brian"]
[Result "0-1"]
[WhiteElo "2057"]
[BlackElo "1969"]
[Annotator "Brian Lee"]
[PlyCount "58"]
[EventDate "2024.??.??"]

{Although my game against John Donaldson was my highest quality game from the tournament, this was my most exciting.} 1. e4 c5 2. Nf3 d6 3. d4 cxd4 4. Nxd4 Nf6 5. Nc3 a6 6. Bd3 e6 7. f4 Nbd7 8. a4 b6 9. O-O Bb7 10. Kh1 Qc7 11. Bd2 Be7 12. Qe1 O-O 13. Qg3 Nc5 14. e5 $2 {This opens up the position in Black's favor. White will lose the bishop pair after Black takes on d3 and the a8-h1 and a7-g1 diagonals are wide open for Black's bishops.} Nh5 15. Qe1 $2 (15. Qe3 $1 {This looks awkward but it is the only way not to lose a pawn} dxe5 16. fxe5 Nxd3 17. cxd3 Bc5 18. Nce2 a5 {(to prevent 19. b4)} 19. Qg5 {Black is better but White has avoided disaster.}) 15... dxe5 16. fxe5 Nxd3 17. cxd3 Rfd8 $2 {Wrong rook, which should have been obvious to me since the f-file is half open and I need this rook for defense. This gives almost gives up my whole advantage but fortunately my opponent didn't exploit my mistake.} (17... Rad8 18. Be3) 18. Nb3 $4 {Bad both tactically and positionally. The knight is completely misplaced, and Black has some tactics here that I saw but didn't quite solve.} (18. Qf2 $1 {is the only move to keep the balance, immediately taking advantage of Black's rook not being on f8.}) 18... g6 $2 (18... Rxd3 19. Qe2 {I spent a ton of time trying to find a good continuation here. I looked at} Rh3 ({I also looked at} 19... Rg3 {but again after} 20. Rf2 {I couldn't find a good continuation.}) ({I also briefly looked at throwing in} 19... Qc6 {but didn't see how this changed anything after} 20. Rf2 {My rook and knight are still both hanging. So I reluctantly rejected taking on d3. What does Stockfish say $2 All three moves win of course $1 Each line, however, involves the same idea of playing Rh3 (either immediately or after Rg3 or Qc6) followed by simply Rh4. I kept looking for a crushing blow, got tunnel vision, and missed this relatively simple move.}) 20. Kg1 Bc5+ 21. Nxc5 Qxc5+ 22. Qf2 {and couldn't find a good continuation.}) (18... Qc6 {was also a strong option.} 19. Qf2 f5 20. exf6 Nxf6 $19) 19. d4 $2 ({Once again missing} 19. Qf2) 19... Ng7 20. Qf2 $6 {This move has no bite now since Black can play Nf5} Nf5 21. Be3 Qc6 22. d5 $6 Rxd5 $1 {A strong and forced exchange sac.} (22... exd5 $4 {Is positionally horrific and justifies White's last move. The a8-h1 diagonal, is closed and White establishes a blockade on d4.} 23. Nd4 Qd7 24. Nxf5 Qxf5 25. Qxf5 gxf5 26. Bxb6 Rd7 27. Bd4 $14) 23. Bxb6 (23. Nxd5 Qxd5 $19 {Black has more than enough compensation for the exchange and should win.}) 23... Rxe5 $6 (23... Bh4 {is stronger but Black is still winning after my move.}) 24. Na5 Rxa5 $1 {Sacrificing the exchange again, and this time White is forced to accept it.} 25. Bxa5 Ne3 $4 26. Rg1 $4 {White misses his last opportunity to take advantage of my rook not being on f8.} (26. Qxf7+ Kh8 27. Rf3 ({If} 27. Ne4 {immediately, then} Qxe4 28. Rf3 Bg5 29. Bc3+ e5 {Apparently this is equal, but to me it just looks like a mess}) (27. Rf2) 27... Rf8 28. Qxe7 Rxf3 29. Ne4 $1 {I missed this move, and I assume it's what my opponent missed too because without it Black is still better, but now White wins.}) 26... Bc5 (26... Nc4 {wins a piece, but my move still wins.} 27. b4 Nxa5 28. bxa5 Qxc3) 27. Qe2 h5 28. Rac1 Ng4 29. h3 Qd6 $1 {A nice way to finish the game. 0-} 0-1

[Event "Oregon Girls Championship"]
[Site "?"]
[Date "2024.02.04"]
[Round "1"]
[White "Narendran, Neha"]
[Black "Tang, Zoey"]
[Result "0-1"]
[WhiteElo "1366"]
[BlackElo "2332"]
[Annotator "Zoey Tang / Wilson Gibbins"]
[PlyCount "70"]
[EventDate "2024.??.??"]

{[%evp 0,70,23,30,49,49,103,72,70,70,58,47,14,-11,14,-2,-1,-5,13,-8,-16,-37,-48,-100,-106,-101,-112,-121,-70,-111,-107,-107,-119,-122,-110,-121,-100,-211,-223,-353,-378,-387,-364,-362,-357,-363,-363,-380,-368,-415,-380,-380,-423,-439,-313,-457,-488,-696,-476,-524,-388,-390,-282,-417,-383,-395,-301,-886,-886,-29989,-29990,-29991,-29992] G45+inc5 Variations provided by Zoey Tang, words provided by Wilson Gibbins.} 1. e4 c5 2. Nc3 d6 3. Bc4 Nf6 4. d3 Nc6 5. Nge2 e6 6. h3 Be7 7. O-O d5 8. exd5 exd5 9. Bb5 O-O 10. Ng3 (10. Bxc6 {keeps things closer to equal than the game continuation - White gets to double Black's pawns in exchange for giving up the bishop pair. In the game continuation White gets stuck with the doubled pawns.}) 10... Nd4 11. a3 a6 12. Ba4 b5 13. Bb3 Bb7 (13... Nxb3 14. cxb3 d4) 14. Nce2 Nxb3 15. cxb3 d4 16. Nf4 g6 $1 {eliminating the h5 square as a destination for White's knights} 17. Re1 Qc7 18. Qe2 Bd6 {Black wins a knight, the reward for her move 16...g6.} 19. Nfh5 ({Ok, so} 19. Qd2 {retains the knight for a little while, but after} Rae8 20. Nfe2 Qc6 21. f3 Re3 {White is awfully tied down, and} 22. Qc2 Rxf3 23. gxf3 Qxf3 {leads to bad things happening in the neighborhood of White's king.}) 19... Nxh5 20. Nxh5 gxh5 21. Qxh5 Kh8 22. Qf5 f6 23. Bh6 Rf7 24. Re2 Rg8 25. f3 Qd7 26. Qh5 Rg6 27. Kf2 Re7 28. Rae1 Rxe2+ 29. Rxe2 Be5 30. Kf1 c4 31. bxc4 bxc4 32. dxc4 d3 33. Re1 d2 34. Rd1 Qd3+ 35. Kg1 Qe2 0-1

[Event "Idaho Closed (State Championship)"]
[Site "Boise, ID"]
[Date "2024.02.19"]
[Round "5"]
[White "Machakos, Seth"]
[Black "Machin, Alex"]
[Result "0-1"]
[WhiteElo "1822"]
[BlackElo "1758"]
[Annotator "Ralph Dubisch"]
[PlyCount "59"]
[EventDate "2024.02.17"]
[EventType "swiss"]
[EventRounds "6"]
[EventCountry "USA"]

{[%evp 0,59,19,38,25,16,14,23,25,0,4,0,9,17,17,-32,-29,-5,-8,-36,-14,-20,-24,-11,2,-11,16,2,23,2,89,36,69,55,94,20,99,-36,11,71,71,58,67,56,84,46,46,-69,0,-84,-241,-262,-518,-503,-542,-540,-532,-569,-542,-1227,-1322,-1324]} 1. e4 e5 2. Nf3 Nc6 3. Bb5 a6 4. Ba4 Nf6 5. d3 b5 6. Bb3 Bb7 7. c3 Bc5 8. Bg5 h6 9. Bh4 d6 10. O-O g5 11. Bg3 Qe7 12. h3 $6 {Weakens g3 and provides a hook for Black's intrepid g-pawn. White does better to avoid kingside advances and press in the center and queenside, meeting ...h5 with h4 as needed.} Ba7 13. Nbd2 Nh5 $6 (13... O-O-O $13 {Black should be pretty happy about the opening.}) 14. Bh2 $6 ({The retreat must have seemed necessary, but in fact White has a small tactical opportunity:} 14. Nxe5 $1 Nxg3 (14... Nxe5 15. Qxh5 Nxd3 16. a4 $14 {with dynamic play.}) 15. Nxc6 Bxc6 16. Re1 {and not only does the knight have no immediate escape route, the loose bishop on c6 can also be exploited if Black tries to extricate the steed:} g4 17. d4 $1 Nh5 $2 ({better} 17... gxh3 18. fxg3 $14) 18. Bd5 $1 Qd7 $2 19. Bxc6 ({or} 19. Qxg4 Qxg4 20. hxg4 $18) 19... Qxc6 20. Qxg4 Nf6 21. Qg7 Ke7 22. e5 $1 {with dangerous attack to compensate for the small material invested.}) 14... Nf4 15. Bxf4 gxf4 {After the exchange on f4, Stockfish grants White a positional advantage, presumably based on the doubled black f-pawns and isolated h-pawn. While these features do exist, I disagree with the practical evaluation. Both sides have the same general plan: to break through and attack the other guy's king. Black now has the bishop-pair, generally aimed in the right direction, and the open g-file with available rooks to double on it. The position may be objectively unclear -- it may even favor White, in the universe of computer chess -- but between human beings Black has a far easier time finding and executing his plan.} 16. Bd5 Rg8 17. d4 Rg7 18. Kh2 O-O-O 19. a4 Rdg8 20. Rg1 b4 21. Qe2 Kb8 22. Qc4 Qd7 23. cxb4 $6 {Better to continue maneuvering.} Bc8 ({A direct threat. Black could also try} 23... Nxd4 24. Bxb7 Kxb7 25. Nxd4 Bxd4 26. Qe2 f5 $15) 24. Nh4 $2 (24. Kh1 Nxd4 25. Nxd4 Bxd4 26. Bc6 Qe7 27. Bd5 {threatens Qc6. Black can accept repetition with ...Qd7, or try something more radical to avoid the draw, such as} c5 $5 $13) ({Of course not} 24. Qxc6 $4 Rxg2+ $1 25. Rxg2 Qxh3+ 26. Kg1 Qxg2#) 24... Nxd4 25. b5 $2 ({Missing the main threat, but by now even} 25. Nf5 c6 $1 26. Bxc6 (26. Nxg7 cxd5) 26... Qxc6 27. Nxg7 Rxg7 $17 {is still a big plus for Black.}) 25... Rxg2+ $3 26. Rxg2 Qxh3+ 27. Kg1 Rxg2+ 28. Nxg2 f3 $1 29. Nxf3 (29. Ne3 Ne2+) 29... Nxf3+ 30. Kf1 {and resigns, due to the fork coming on d2.} 0-1

[Event "Idaho Closed (State Championship)"]
[Site "Boise, ID"]
[Date "2024.02.18"]
[Round "4"]
[White "Henderson, Michael"]
[Black "Lange, Brian"]
[Result "0-1"]
[WhiteElo "1800"]
[BlackElo "1507"]
[Annotator "Brian Lange"]
[PlyCount "52"]
[EventDate "2024.02.17"]
[EventType "swiss"]
[EventRounds "6"]
[EventCountry "USA"]
[TimeControl "30/120:0"]

{[%evp 0,52,19,38,42,37,48,9,-13,-20,-8,-6,33,-33,-36,-9,-11,0,-5,-26,59,62,62,48,61,26,94,-144,-159,-159,-197,-224,-255,-222,-229,-269,-184,-184,-151,-203,-135,-229,-113,-113,-144,-376,-388,-396,-391,-396,-408,-481,-533,-576,-543]} 1. e4 d5 2. exd5 Nf6 {This invites white to play into the Icelandic Gambit. Black appears to over-attack the d5 pawn with the knight and queen and tempts white to protect it by playing 3. c4. White is a pawn up but watch out what happens next. If instead white plays 3. Nf3, then we slide into a standard Scandanvian opening with 3. ... Qxd5 4. Nc3.} 3. c4 e6 4. dxe6 Bxe6 {Let's go! Gambit accepted! Now black has to prove that the accelerated development is worth losing a central pawn.} 5. Nf3 Nc6 {Black should play 5. ... Qe7, which is hard to swallow as the f8 bishop is stuffed in the corner. I wanted to focus on rapid development and chose Nc6 intead.} 6. b3 $2 {Better is 6. Be2 or 6. d4. Piece development is about to be completely lopsided!} Bc5 {Four pieces out for black! Bishops have wide-open diagonals and knights are poised for central outposts.} 7. Be2 Qe7 {Five pieces out for black! The queen x-ray attacks the white king and protects the c5 bishop.} 8. O-O O-O-O {Black has completed development with the queen-side castle and also provides an open file for the rook on d8! White's d2 pawn is now pinned against the queen and all the queen-side pieces are still on their original squares.} 9. a3 $2 {White threatens a pawn storm to push the Bishop on c5 off its strong square. Black doesn't want the bishop to retreat to b6 where white's pawns can cancel the bishop. If you play a gambit, you have to play to push the attack!} Ne4 {Threatens f2 to potentially trade white's rook and pawn for a knight and bishop. With the d2 pawn pinned, white's knight on b1 has no where to go. Rhe8 is also really tempting with rooks on open central files.} 10. b4 {The pawn storm continues but still no more pieces are being developed by white.} Qf6 {The rook on a1 is hanging like fruit from a low-hanging branch. Now the c1 bishop has no where go to either.} 11. Ra2 {White's only good move and begins the counter-play with Bb2 finally freeing the bishop. Black's bishop is hanging on c5 so the choice was between 11. ... Nxf2 12. Rxf2 Bxf2 or 11. Bd6. Black's knight and bishop are very active and white's rook and pawn are very passive. This alone was enough for me to keep the bishop and knight and hope for more active attacks, even though my friend Stockfish says this is a blunder.} Bd6 $4 12. Bb2 Ne5 {Although white is starting to wake up, black has a beautiful southern-cross formation in the middle of the board...} 13. c5 $4 {...which provokes white to blunder with c5. Possibly hoping for Be7? leaving the e5 knight unprotected, but there are many attacking lines for black to take advantage of here. Now the fireworks start!} Bxa2 {Haymaker!} 14. cxd6 {Counter-punch!} Nxf3+ $1 {Upper-cut!} 15. Bxf3 {Another counter-punch!} Qxb2 {Left hook!} 16. Bxe4 {Body blow!} Rxd6 $1 {Another upper-cut! As the dust starts to settle, black's formation is gone but he's up the exchange and the rook on d6 is waiting to be doubled with Rhd8. Will White be able to deliver an effective counter-attack?} 17. Qg4+ Be6 {Kb8 is considered better but I felt this was a good opportunity to bring the bishop back into the game, hitting white's queen for an extra tempo.} 18. Qf3 {Bishop battery aiming at b7 and check.} c6 19. Nc3 Qxa3 $2 {I thought 19. ... Qxd2 looked bad due to 20. Rd1 hitting the queen and the rook is hanging, but 20. ... Qxc3 21. Rxd6 Qe1++.} 20. Rb1 {White's pieces are all pointing at b7, so I felt it was time to skiddladle my king away. But be careful! If the king goes to any of the black squares like c7 or e7, white can play Nd5+! and the black queen is gone.} Kd7 21. b5 {White has pulled together an effective plan for a counter-attack. b5 is a natural continuation.} cxb5 22. Bxb7 $2 {I thought Rxb5 was coming but determined that the bishop taking the b7 pawn wasn't an issue since the c6 and c8 squares are both double-covered by the rooks, so the king is safe.} b4 $1 {Protecting the queen and attacking the knight. Now I can trade queens and white's attack fizzles.} 23. Nb5 Qxf3 24. Bxf3 Rxd2 {Although white's knight was forking the queen and rook, black was able to escape.} 25. Nxa7 {White probably was averse to moving the rook to prevent a back-row mate, but the b4 pawn was the best thing to grab as now it's an advanced passed pawn.} b3 26. Nb5 b2 {White said he had seen enough. I threw everything I could at white and we shook hands. I thought Michael was a very gracious player and was glad I could try out a rare gambit opening on a strong opponent and have it pay off with a win for black! 0-th a win for black!} 0-1

[Event "Idaho Closed (State Championship)"]
[Site "Boise, ID"]
[Date "2024.02.18"]
[Round "4"]
[White "Wannamaker, Linus"]
[Black "Machin, Alex"]
[Result "0-1"]
[WhiteElo "1533"]
[BlackElo "1758"]
[PlyCount "80"]
[EventDate "2024.02.17"]
[EventType "swiss"]
[EventRounds "6"]
[EventCountry "USA"]

{[%evp 0,80,19,-12,-12,-11,-26,-29,-29,-29,-23,-18,12,-3,-6,-5,0,-3,-3,-6,34,-6,7,-19,-19,-32,-24,-13,-1,-24,9,22,10,-21,6,1,1,1,139,114,99,109,142,117,262,162,195,195,279,79,133,51,126,84,61,-256,-246,-276,-227,-308,-260,-268,-289,-283,-309,-355,-384,-384,-272,-877,-870,-902,-930,-934,-952,-996,-1012,-1055,-887,-927,-1130,-1399,-1425]} 1. c4 e5 2. Nc3 Nf6 3. g3 d5 4. cxd5 Nxd5 5. Bg2 Nb6 6. Nf3 Nc6 7. O-O Be7 8. d3 O-O 9. Be3 f5 10. Rb1 Be6 11. a3 a5 12. Na4 e4 13. Ne1 Nd5 14. Bd2 Nd4 15. e3 Nxe3 16. Bxe3 Bb3 17. Qd2 Bxa4 18. dxe4 Nb3 19. Qc3 Kh8 20. e5 f4 21. gxf4 Ra6 22. Kh1 Rg6 23. Be4 Rg4 24. Nf3 Rgxf4 25. Bxf4 Rxf4 26. Rbd1 Qf8 27. Ng5 Bxg5 28. Bg2 c6 29. e6 Be7 30. Rd3 h6 31. Re3 Nd4 32. Qxa5 Bb5 33. Rd1 Nf5 34. Rf3 Rxf3 35. Bxf3 Ne3 36. Bh5 Nxd1 37. Bf7 Nxf2+ 38. Kg2 Ng4 39. a4 Bc4 40. Qh5 Bd5+ 0-1